The proper study of mankind...: an inquiry into the science of human relations

Gespeichert in:  
Bibliographische Detailangaben
1. VerfasserIn: Chase, Stuart 1888-1985 (Verfasst von)
Medienart: Druck Buch
Sprache:Englisch
Veröffentlicht: New York Harper 1948
In:Jahr: 1948
Bestand in Albert-Krebs Bibliothek:TA.00.005
1997-1501
Verfügbarkeit prüfen: HBZ Gateway
Subito Bestelldienst: Jetzt bestellen.
Schlagwörter:

MARC

LEADER 00000cam a2200000 c 4500
001 195439252
003 DE-627
005 20251222204535.0
007 tu
008 960404s1948 xxu||||| 00| ||eng c
035 |a (DE-627)195439252 
035 |a (DE-576)9195439250 
035 |a (DE-599)GBV195439252 
035 |a (OCoLC)165505 
040 |a DE-627  |b ger  |c DE-627  |e rakwb 
041 |a eng 
044 |c XD-US 
050 0 |a H91 
082 0 |a 301 
084 |a 2,1  |a 0  |2 ssgn 
084 |a MS 1090  |2 rvk  |0 (DE-625)rvk/123549: 
084 |a 71.02  |2 bkl 
100 1 |8 1\p  |a Chase, Stuart  |d 1888-1985  |0 (DE-588)116492430  |0 (DE-627)077989309  |0 (DE-576)160559855  |4 aut 
109 |a Chase, Stuart 1888-1985 
245 1 4 |a The proper study of mankind...  |b an inquiry into the science of human relations  |c by Stuart Chase 
264 1 |a New York  |b Harper  |c 1948 
300 |a XX, 311 S 
336 |a Text  |b txt  |2 rdacontent 
337 |a ohne Hilfsmittel zu benutzen  |b n  |2 rdamedia 
338 |a Band  |b nc  |2 rdacarrier 
583 1 |a Archivierung prüfen  |c 20240324  |f DE-4165  |z 1  |2 pdager 
650 0 |a Social Sciences 
650 0 |a Anthropology 
650 0 |a Social Problems 
650 4 |a Sozialwissenschaften  |7 (dpeaa)DE-2619 
689 0 0 |d s  |0 (DE-588)4055916-6  |0 (DE-627)106156411  |0 (DE-576)209115904  |a Sozialwissenschaften  |2 gnd 
689 0 1 |d s  |0 (DE-588)4038971-6  |0 (DE-627)106230158  |0 (DE-576)209032642  |a Methode  |2 gnd 
689 0 |5 (DE-627) 
883 |8 1\p  |a cgwrk  |d 20241001  |q DE-101  |u https://d-nb.info/provenance/plan#cgwrk 
935 |a mkri 
936 r v |a MS 1090  |b Allgemeine Darstellungen  |k Soziologie  |k Spezielle Soziologien  |k Gesamtgesellschaften  |k Allgemeine Darstellungen  |0 (DE-627)1271440121  |0 (DE-625)rvk/123549:  |0 (DE-576)201440121 
936 b k |a 71.02  |j Theorie der Soziologie  |0 (DE-627)106416189 
951 |a BO 
ELC |b 1 
LOK |0 000 xxxxxcx a22 zn 4500 
LOK |0 001 4196228593 
LOK |0 003 DE-627 
LOK |0 004 195439252 
LOK |0 005 20221011145938 
LOK |0 008 221011||||||||||||||||ger||||||| 
LOK |0 035   |a (DE-2619)k02596 
LOK |0 040   |a DE-2619  |c DE-627  |d DE-2619 
LOK |0 092   |o n 
LOK |0 541   |e Bestand Albert-Krebs-Bibliothek: 1997-1501 
LOK |0 852   |a DE-2619 
LOK |0 852 1  |c TA.00.005  |m p  |9 00 
LOK |0 935   |a kreb 
LOK |0 938   |k p 
LOK |0 939   |a 11-10-22  |b l01 
ORI |a SA-MARC-krimdoka001.raw